<?xml version="1.0" encoding="UTF-8"?>
<collection xmlns="http://www.loc.gov/MARC21/slim">
 <record>
  <leader>02012naa a2200253 i 4500</leader>
  <controlfield tag="001">acta84850</controlfield>
  <controlfield tag="005">20240508102637.0</controlfield>
  <controlfield tag="008">240508s2024    hu      o     100   eng d</controlfield>
  <datafield tag="020" ind1=" " ind2=" ">
   <subfield code="a">978-963-306-972-1</subfield>
  </datafield>
  <datafield tag="024" ind1="7" ind2=" ">
   <subfield code="a">10.14232/gtk.gdtgiss.2024.8</subfield>
   <subfield code="2">doi</subfield>
  </datafield>
  <datafield tag="040" ind1=" " ind2=" ">
   <subfield code="a">SZTE Egyetemi Kiadványok Repozitórium</subfield>
   <subfield code="b">hun</subfield>
  </datafield>
  <datafield tag="041" ind1=" " ind2=" ">
   <subfield code="a">eng</subfield>
  </datafield>
  <datafield tag="100" ind1="1" ind2=" ">
   <subfield code="a">Siklósi Veronika</subfield>
  </datafield>
  <datafield tag="245" ind1="1" ind2="4">
   <subfield code="a">The future of banking or the concept of sustainability in the banking sector</subfield>
   <subfield code="h">[elektronikus dokumentum] /</subfield>
   <subfield code="c"> Siklósi Veronika</subfield>
  </datafield>
  <datafield tag="260" ind1=" " ind2=" ">
   <subfield code="a">Szegedi Tudományegyetem Gazdaságtudományi Kar</subfield>
   <subfield code="b">Szeged</subfield>
   <subfield code="c">2024</subfield>
  </datafield>
  <datafield tag="300" ind1=" " ind2=" ">
   <subfield code="a">124-136</subfield>
  </datafield>
  <datafield tag="490" ind1="0" ind2=" ">
   <subfield code="a">Green and Digital Transitions: Global Insights into Sustainable Solutions</subfield>
  </datafield>
  <datafield tag="520" ind1="3" ind2=" ">
   <subfield code="a">Hungarian commercial banks have been required to publish their sustainability report since 2017. The research topic focuses on the analysis of ESG disclosure at international commercial banks in Hungary based on the data of the annual reports published from 2019 to 2021. This study reports on empirical research using the method of detailed reading and manual coding after reviewing the literature. The concept of sustainability is introduced, focusing on the banking sector and the quality level of disclosures, the changes, and the progress from 2019 to 2021 as the result of the research is discussed. The European Green Deal Investment Plan and the Just Transition Mechanism was announced in January 2020. The effect of the European Green Deal and the opportunity of green investments within the framework to the ESG disclosure quality level are also discussed in the paper.</subfield>
  </datafield>
  <datafield tag="650" ind1=" " ind2="4">
   <subfield code="a">Társadalomtudományok</subfield>
  </datafield>
  <datafield tag="650" ind1=" " ind2="4">
   <subfield code="a">Közgazdasági és gazdálkodástudományok</subfield>
  </datafield>
  <datafield tag="695" ind1=" " ind2=" ">
   <subfield code="a">Bank, Fenntarthatóság, Üzleti élet</subfield>
  </datafield>
  <datafield tag="700" ind1="0" ind2="1">
   <subfield code="a">Széles Zsuzsanna</subfield>
   <subfield code="e">aut</subfield>
  </datafield>
  <datafield tag="711" ind1=" " ind2=" ">
   <subfield code="a">Decades of crises: from competitiveness to resilience via the bumpy road of sustainability</subfield>
   <subfield code="c">Szeged</subfield>
   <subfield code="d">2023. április 14-15.</subfield>
  </datafield>
  <datafield tag="856" ind1="4" ind2="0">
   <subfield code="u">http://acta.bibl.u-szeged.hu/84850/1/green_and_digital_transitions_2024_124-136.pdf</subfield>
   <subfield code="z">Dokumentum-elérés </subfield>
  </datafield>
 </record>
</collection>
